000 00279 a2200121 4500
001 147034
040 _cEscola São Tomás de Aquino
100 _aBELINKY, Tatiana
240 1 0 _aO caso dos ovos
_lpor
245 1 0 _aO caso dos ovos
697 _a*LITERATURA INFANTIL
942 _cBK
999 _c147034
_d147034